Estatísticas para Cultura Geral

Clique aqui para jogar o quiz

Estatísticas Gerais

  • Esse quiz foi jogado 25 vezes
  • A pontuação média é 7 de 15

Estatísticas das Respostas

HintResposta% Correto
Que rio atravessa o Egito?Nilo
90%
Em que parte do corpo os podólogos se especializam?Pés
81%
Qual é a capital financeira da Alemanha?Frankfurt
76%
Qual é a cidade mais populosa da Turquia?Istambul
76%
Que tipo de desastre natural ocorreu na Tailândia em 2004Tsunami
76%
Como se chama o famoso festival da cerveja que acontece em Munique?Oktoberfest
52%
Qual é a capital do Irão?Teerão
52%
Qual país tem a maior percentagem de residentes católicos?Vaticano
48%
Que país tem Kinshasa como capital?República Democrática do Congo
43%
Quem canta a música "Livin' La Vida Loca"?Ricky Martin
43%
Como se chama a companhia aérea da Alemanha?Lufthansa
33%
Na mitologia grega, quem eram os deuses que foram derrubados por Zeus e os olimpianos?Titãs
19%
Que tipo de comida é pho?Sopa
14%
Qual cidade está conectada com a ilha de Tahiti no voo doméstico mais longo do mundo?Paris
10%
Que jogo de cartas de truques compartilha seu nome com algo que você pode atravessar?Bridge
0%

Distribuição das Pontuações

Percentil de Números Respondidos

Porcentagem de Pessoas com Cada Pontuação

Sua Pontuação Histórica

Você não jogou esse quiz